[Event "II Weekend Wasken Boys"]
[Site "Lodi ITA"]
[Date "2014.06.06"]
[Round "1"]
[White "Frignani, Alessandro"]
[Black "Swannie, Bryan"]
[WhiteElo "1454"]
[BlackElo "1704"]
[Result "0-1"]
[PlyCount "50"]
[EventDate "2014.06.06"]

1. e4 c5 2. f4 d6 3. Nf3 Nc6 4. g3 g6 5. Bg2 Bg7 6. c3 f5 7. d3 fxe4 8. dxe4
Nf6 9. Qe2 e5 10. Na3 a6 11. Nc2 b5 12. Bd2 Be6 13. b3 h6 14. h3 Qd7 15. g4
exf4 16. O-O-O g5 17. Rhe1 O-O-O 18. e5 Nd5 19. c4 bxc4 20. bxc4 Nb6 21. exd6
Bxc4 22. Qf2 Na4 23. Re4 Qb7 24. Be1 Qb2+ 25. Kd2 Bc3# 0-1

[Event "II Weekend Wasken Boys"]
[Site "Lodi ITA"]
[Date "2014.06.06"]
[Round "1"]
[White "Gorini, Alessandro"]
[Black "Daffra, Claudio"]
[WhiteElo "1629"]
[BlackElo "1422"]
[Result "1-0"]
[PlyCount "41"]
[EventDate "2014.06.06"]

1. d4 d5 2. c4 c6 3. Nc3 Nf6 4. h3 e6 5. Nf3 Nbd7 6. Bg5 Qa5 7. c5 Ne4 8. Qc2
Nxg5 9. Nxg5 g6 10. e3 Bg7 11. f4 O-O 12. Bd3 Qc7 13. h4 b6 14. b4 bxc5 15.
bxc5 a5 16. h5 Ba6 17. hxg6 Bxd3 18. gxf7+ Rxf7 19. Qxd3 h6 20. Qh7+ Kf8 21.
Nxe6+ 1-0

[Event "II Weekend Wasken Boys"]
[Site "Lodi ITA"]
[Date "2014.06.06"]
[Round "1"]
[White "Grudina, Marco"]
[Black "Gorini, Michele"]
[WhiteElo "1756"]
[BlackElo "1527"]
[Result "0-1"]
[PlyCount "84"]
[EventDate "2014.06.06"]

1. e4 b6 2. d4 Bb7 3. Bd3 Nf6 4. Nc3 e6 5. a3 Be7 6. Nf3 d6 7. Be3 Nbd7 8. h3
c5 9. dxc5 bxc5 10. Qe2 a6 11. O-O Qc7 12. Bd2 O-O 13. b4 Rfc8 14. bxc5 Nxc5
15. Rfb1 Nxd3 16. cxd3 Rab8 17. Rc1 Qd8 18. Qe3 Nd7 19. Nd4 Nc5 20. f4 e5 21.
fxe5 dxe5 22. Nf5 Nb3 23. Qg3 Bf6 24. Bh6 g6 25. Rab1 Nxc1 26. Rxc1 Ba8 27. Bd2
Rb2 28. Nh6+ Kf8 29. Qe1 Qxd3 30. Rd1 Rxd2 31. Rxd2 Qxc3 32. Qf2 Qc5 33. Qxc5+
Rxc5 34. Rd7 Be7 35. Ra7 Bxe4 36. Rxa6 Rc2 37. Ra5 Rxg2+ 38. Kf1 Ra2 39. Rxe5
Bd3+ 40. Kg1 Bf6 41. Ra5 Bd4+ 42. Kh1 Be4# 0-1

[Event "II Weekend Wasken Boys"]
[Site "Lodi ITA"]
[Date "2014.06.06"]
[Round "1"]
[White "Madaschi, Sergio"]
[Black "Esposito, Giuseppe"]
[WhiteElo "1503"]
[BlackElo "1718"]
[Result "0-1"]
[PlyCount "120"]
[EventDate "2014.06.06"]

1. e4 c6 2. d4 d5 3. Nc3 dxe4 4. Nxe4 Bf5 5. Ng3 Bg6 6. h4 h6 7. Nf3 Nd7 8. h5
Bh7 9. Bd3 Bxd3 10. Qxd3 e6 11. Bf4 Qa5+ 12. Bd2 Qc7 13. O-O-O Ngf6 14. Ne4 Be7
15. g3 O-O 16. Bf4 Qa5 17. Kb1 Nxh5 18. Bd2 Qd5 19. c4 Qf5 20. Nh4 Bxh4 21.
Rxh4 Nhf6 22. Rf4 Qh5 23. Bb4 Rfd8 24. Be7 Nxe4 25. Bxd8 Rxd8 26. g4 Nxf2 27.
Rxf2 Qxg4 28. Qc2 Nf6 29. Rg2 Qe4 30. Rdg1 g6 31. Rd2 Rxd4 32. Rxd4 Qxd4 33.
Rd1 Qb6 34. Qd3 Kg7 35. Qc3 Qf2 36. b3 b6 37. Rd3 Qf5 38. Kb2 Qg5 39. Rd7 a5
40. Rd6 Kh7 41. Rxc6 Qg2+ 42. Ka3 Qxc6 43. Qxf6 Qe8 44. Qd4 Qe7+ 45. Kb2 Qc5
46. Qc3 Qf2+ 47. Ka3 h5 48. b4 axb4+ 49. Kxb4 h4 50. a4 e5 51. Qxe5 Qc5+ 52.
Qxc5 bxc5+ 53. Kxc5 h3 54. a5 h2 55. a6 h1=Q 56. a7 Qb7 57. Kd6 Qxa7 58. c5
Qb8+ 59. Kd7 Qb7+ 60. Kd6 f5 0-1

[Event "II Weekend Wasken Boys"]
[Site "Lodi ITA"]
[Date "2014.06.06"]
[Round "1"]
[White "Maraschi, Alberto"]
[Black "Ciochetta, Giovanni"]
[WhiteElo "1326"]
[BlackElo "1573"]
[Result "0-1"]
[PlyCount "142"]
[EventDate "2014.06.06"]

1. e4 e5 2. Nf3 Nf6 3. Nxe5 d6 4. Nf3 Nxe4 5. Qe2 Qe7 6. d3 Nf6 7. Qxe7+ Bxe7
8. Be2 Bg4 9. O-O Nc6 10. Nc3 O-O-O 11. Bg5 h6 12. Bxf6 Bxf6 13. Rae1 Nb4 14.
Bd1 Bxc3 15. bxc3 Nxa2 16. c4 Nc3 17. Re7 Nxd1 18. Rxd1 Rd7 19. Rde1 Bxf3 20.
gxf3 Kd8 21. R7e4 a5 22. f4 c6 23. f5 f6 24. Ra1 b6 25. Re6 Re8 26. c5 dxc5 27.
Rxc6 Rb7 28. Rb1 Re5 29. Rbxb6 Rxb6 30. Rxb6 Rxf5 31. Ra6 c4 32. Ra8+ Kc7 33.
Ra7+ Kb6 34. Rxg7 cxd3 35. cxd3 a4 36. Rg4 Kb5 37. Kf1 Rc5 38. Ke1 a3 39. Kd2
a2 40. Rg1 Kb4 41. d4 Rd5 42. Kc2 Rxd4 43. Kb2 Rd2+ 44. Ka1 Rxf2 45. Rg4+ Kc3
46. Rg3+ Kd4 47. Rh3 f5 48. Rxh6 f4 49. Rh4 Ke3 50. Rh3+ f3 51. Rh7 Rd2 52.
Re7+ Kf2 53. Rf7 Kg2 54. h4 f2 55. h5 f1=Q+ 56. Rxf1 Kxf1 57. h6 Rh2 58. h7
Rxh7 59. Kxa2 Rb7 60. Ka3 Ke2 61. Ka4 Kd3 62. Ka5 Kc4 63. Ka6 Rb2 64. Ka5 Rb4
65. Ka6 Kc5 66. Ka5 Kc4 67. Ka6 Rb5 68. Ka7 Kc5 69. Ka6 Rb1 70. Ka7 Kc6 71. Ka8
Kc7 0-1

[Event "II Weekend Wasken Boys"]
[Site "Lodi ITA"]
[Date "2014.06.06"]
[Round "1"]
[White "Marchesotti, Giovanni"]
[Black "Carrai, Giacomo"]
[WhiteElo "1532"]
[BlackElo "1760"]
[Result "0-1"]
[PlyCount "62"]
[EventDate "2014.06.06"]

1. Nf3 Nf6 2. g3 b6 3. Bg2 Bb7 4. O-O c5 5. c4 e6 6. d3 Be7 7. Nbd2 d6 8. a3
O-O 9. b3 Nc6 10. Bb2 e5 11. e3 Re8 12. Qc2 Qc7 13. Rad1 Nd7 14. Nb1 Nf6 15.
Nc3 a6 16. d4 Bf8 17. dxc5 bxc5 18. Nd5 Nxd5 19. cxd5 Ne7 20. Ng5 Ng6 21. f4
Qe7 22. fxe5 Qxg5 23. exd6 Bxd6 24. Bc1 Qe5 25. Rf5 Qe7 26. Rdf1 f6 27. Rh5 Nf8
28. e4 Bc8 29. Bh3 Bxh3 30. Rxh3 Qxe4 31. Qf2 Qd4 0-1

[Event "II Weekend Wasken Boys"]
[Site "Lodi ITA"]
[Date "2014.06.06"]
[Round "1"]
[White "Marzatico, Luca"]
[Black "Scotti, Luigi"]
[WhiteElo "1710"]
[BlackElo "1468"]
[Result "1-0"]
[PlyCount "117"]
[EventDate "2014.06.06"]

1. e4 g6 2. d4 Bg7 3. Nf3 d6 4. c4 e6 5. Be3 Nd7 6. Be2 b6 7. Nc3 a6 8. Qd2 Bb7
9. Bd3 h6 10. O-O Ngf6 11. h3 g5 12. Rfe1 O-O 13. Rad1 Nh5 14. Be2 f5 15. exf5
exf5 16. Qc1 Nhf6 17. Nh2 Ne4 18. Nxe4 Bxe4 19. Bf3 Bxf3 20. Nxf3 f4 21. Bd2
Nf6 22. d5 Nd7 23. Bc3 Bxc3 24. Qxc3 Qf6 25. Qxf6 Nxf6 26. Re7 Rf7 27. Rde1
Raf8 28. Nd4 Rxe7 29. Rxe7 Rf7 30. Re6 Kg7 31. Nf5+ Kg6 32. Ne7+ Kg7 33. Nc6 a5
34. Nd4 Kg6 35. Kf1 Kg7 36. Ke1 Nd7 37. Kd2 Nc5 38. Re2 Kf6 39. Nc6 Rd7 40. a3
Nb3+ 41. Kc2 Nc5 42. b4 axb4 43. axb4 Nb7 44. Re6+ Kg7 45. Kd3 Rf7 46. Ke4 Kh7
47. Re8 Kg7 48. Rb8 f3 49. g3 Nc5+ 50. bxc5 dxc5 51. Re8 h5 52. Re7 g4 53. hxg4
hxg4 54. Rxf7+ Kxf7 55. Na7 Kf6 56. Kf4 Ke7 57. Kxg4 Kd6 58. Kxf3 Ke5 59. Ke3
1-0

[Event "II Weekend Wasken Boys"]
[Site "Lodi ITA"]
[Date "2014.06.06"]
[Round "1"]
[White "Papaleo, Davide"]
[Black "Folcini, Gaddo"]
[WhiteElo "1410"]
[BlackElo "1615"]
[Result "0-1"]
[PlyCount "86"]
[EventDate "2014.06.06"]

1. d4 d5 2. c4 e5 3. e3 e4 4. cxd5 Qxd5 5. Nc3 Bb4 6. a3 Bxc3+ 7. bxc3 Nf6 8.
Ne2 Bg4 9. h3 Qh5 10. Qa4+ Nc6 11. Ng3 Qg6 12. hxg4 O-O 13. Be2 Nxg4 14. Bxg4
Qxg4 15. Qb5 f5 16. Qxb7 Ne7 17. Qxc7 Nd5 18. Qa5 Nb6 19. Rb1 Kh8 20. Qe5 Rac8
21. Bd2 Nc4 22. Qf4 Nxd2 23. Qxg4 fxg4 24. Kxd2 Rxf2+ 25. Ke1 Rxg2 26. Nxe4 Re8
27. Kf1 Rc2 28. Nd6 Rf8+ 29. Ke1 g3 30. Rf1 Rxf1+ 31. Kxf1 h5 32. Nf5 Rf2+ 33.
Kg1 Rxf5 34. Kg2 h4 35. Rh1 g5 36. Kh3 Kg7 37. Rg1 Kf6 38. e4 Rf3 39. c4 Rxa3
40. Rf1+ Kg6 41. e5 Kh5 42. Rf5 Ra2 43. e6 Rh2# 0-1

[Event "II Weekend Wasken Boys"]
[Site "Lodi ITA"]
[Date "2014.06.06"]
[Round "1"]
[White "Poletti, Guido"]
[Black "Golino, Pasquale"]
[WhiteElo "1540"]
[BlackElo "1320"]
[Result "1-0"]
[PlyCount "63"]
[EventDate "2014.06.06"]

1. c4 d6 2. g3 Nf6 3. Bg2 e5 4. d3 Be7 5. Nc3 c6 6. Nf3 h6 7. Nd2 d5 8. O-O O-O
9. cxd5 cxd5 10. e4 d4 11. Nd5 Bd6 12. Nc4 Bc5 13. Nxe5 Be6 14. Qc2 Nxd5 15.
exd5 Bxd5 16. Qxc5 Bxg2 17. Kxg2 Na6 18. Qb5 Re8 19. Nxf7 Kxf7 20. Qxb7+ Nc7
21. Bf4 Qd5+ 22. Qxd5+ Nxd5 23. Kf3 Kg8 24. Rfe1 Rf8 25. Re4 g5 26. Rxd4 Nxf4
27. gxf4 gxf4 28. Rg1+ Kh7 29. Rd7+ Kh8 30. Rgg7 Rac8 31. Rh7+ Kg8 32. Rdg7#
1-0

[Event "II Weekend Wasken Boys"]
[Site "Lodi ITA"]
[Date "2014.06.06"]
[Round "1"]
[White "Rizzi, Pietro"]
[Black "Raimondi, Sergio"]
[WhiteElo "1579"]
[BlackElo "1383"]
[Result "1-0"]
[PlyCount "53"]
[EventDate "2014.06.06"]

1. e4 c5 2. c3 e6 3. d4 cxd4 4. cxd4 Nc6 5. Nf3 a6 6. Bd3 Nf6 7. Nc3 Qc7 8. Bg5
h5 9. Bxf6 gxf6 10. d5 Ne5 11. O-O Ng4 12. Kh1 Bd6 13. h3 Bf8 14. Rc1 Qd6 15.
Qe2 Qb8 16. Nd1 Qf4 17. Qd2 Qd6 18. Ne3 Bh6 19. Rc2 Bf4 20. Nc4 Qb8 21. Qa5 Bc7
22. Qa3 Nh2 23. Nxh2 Bxh2 24. g3 Bxg3 25. fxg3 Qxg3 26. Be2 Qxh3+ 27. Qxh3 1-0

[Event "II Weekend Wasken Boys"]
[Site "Lodi ITA"]
[Date "2014.06.06"]
[Round "1"]
[White "Trifoni, Giorgio"]
[Black "Galli, Fabrizio"]
[WhiteElo "1665"]
[BlackElo "1452"]
[Result "1-0"]
[PlyCount "71"]
[EventDate "2014.06.06"]

1. Nf3 d5 2. c4 Nf6 3. cxd5 Bg4 4. Ne5 Bf5 5. Nc3 Nbd7 6. Qa4 e6 7. e4 Nxe4 8.
Nxe4 Bxe4 9. Qxe4 Nc5 10. Qf3 Qe7 11. Bb5+ Kd8 12. Qxf7 a6 13. Bc4 exd5 14.
Qxd5+ Nd7 15. d4 c6 16. Qxd7+ Qxd7 17. Nxd7 Kxd7 18. O-O Re8 19. Be3 b5 20. Bb3
Bd6 21. Rac1 Re4 22. g3 g6 23. a4 Ra8 24. axb5 axb5 25. d5 Rc8 26. dxc6+ Rxc6
27. Rxc6 Kxc6 28. Rd1 Kc7 29. Bd5 Rb4 30. b3 Rg4 31. Rc1+ Kd7 32. Bc6+ Ke6 33.
Rd1 Rb4 34. h4 Rg4 35. Bf4 Bxf4 36. Bd7+ 1-0

[Event "II Weekend Wasken Boys"]
[Site "Lodi ITA"]
[Date "2014.06.07"]
[Round "2"]
[White "Carrai, Giacomo"]
[Black "Rizzi, Pietro"]
[WhiteElo "1760"]
[BlackElo "1579"]
[Result "1/2-1/2"]
[PlyCount "55"]
[EventDate "2014.06.06"]

1. d4 f5 2. g3 Nf6 3. Bg2 g6 4. Nf3 Bg7 5. O-O O-O 6. c4 d6 7. Nc3 c6 8. d5 e5
9. dxe6 Bxe6 10. Qd3 Nbd7 11. Ng5 Qe7 12. Nxe6 Qxe6 13. Rd1 Ne5 14. Qxd6 Qxd6
15. Rxd6 Nxc4 16. Rd4 Nb6 17. Rd6 Rad8 18. Bf4 Rxd6 19. Bxd6 Rd8 20. Bf4 Nh5
21. Be3 Nf6 22. Rd1 Rxd1+ 23. Nxd1 Nc8 24. h3 Kf7 25. Bf3 h5 26. Nc3 Nd7 27.
Bf4 Bxc3 28. bxc3 1/2-1/2

[Event "II Weekend Wasken Boys"]
[Site "Lodi ITA"]
[Date "2014.06.07"]
[Round "2"]
[White "Ciochetta, Giovanni"]
[Black "Trifoni, Giorgio"]
[WhiteElo "1573"]
[BlackElo "1665"]
[Result "1-0"]
[PlyCount "185"]
[EventDate "2014.06.06"]

1. e4 c5 2. c4 e6 3. Nc3 a6 4. b3 Nc6 5. Bb2 Qc7 6. Nf3 Bd6 7. g3 Nge7 8. Bg2
Ng6 9. O-O Nce5 10. d3 O-O 11. Nxe5 Bxe5 12. Qc2 Bd4 13. Ne2 Bxb2 14. Qxb2 Qe5
15. Qc3 b5 16. f4 Qxc3 17. Nxc3 Rb8 18. cxb5 axb5 19. Rfb1 Ba6 20. b4 Rfc8 21.
bxc5 Rxc5 22. Nd1 Ne7 23. Bf1 d5 24. d4 Rc6 25. exd5 Nxd5 26. Bg2 Rc4 27. a4 b4
28. Bf1 Rc6 29. Bxa6 Rxa6 30. Nb2 Nc3 31. Re1 Rba8 32. Re5 Ra5 33. Rxa5 Rxa5
34. Kf2 f5 35. Ke3 Kf7 36. Kd3 Ke7 37. Kc4 Nd5 38. Nd3 Kd6 39. Nxb4 Nb6+ 40.
Kb3 h6 41. Nc2 Nd5 42. Na3 Kc6 43. Nc4 Ra6 44. Ne5+ Kd6 45. a5 g5 46. fxg5 hxg5
47. Nf7+ Kc6 48. Nxg5 Kb5 49. h4 Nf6 50. Kc3 Nh5 51. Re1 Rxa5 52. Re5+ Ka4 53.
Rxa5+ Kxa5 54. Nxe6 Nxg3 55. Kc4 Kb6 56. d5 Nh5 57. Kd4 Kb7 58. Ke5 Kc8 59.
Kxf5 Kd7 60. Kg5 Ng3 61. Nf4 Ke7 62. h5 Kf7 63. Kg4 Ne4 64. Kf5 Nd6+ 65. Ke5
Nc4+ 66. Kd4 Nd6 67. Kc5 Ke7 68. Ng6+ Kd7 69. h6 Ne4+ 70. Kd4 Ng5 71. Ne5+ Kd6
72. Ng4 Nh7 73. Ke4 Nf8 74. Nf6 Ng6 75. Kf5 Nf8 76. Ke4 Ke7 77. h7 Ng6 78. Kf5
Kf7 79. d6 Nh8 80. d7 Ke7 81. Ke5 Nf7+ 82. Kd5 Nh8 83. Kc6 Kd8 84. Ne4 Nf7 85.
Nc5 Ne5+ 86. Kd5 Nf7 87. h8=Q+ Nxh8 88. Ke6 Ng6 89. Nb7+ Kc7 90. d8=Q+ Kxb7 91.
Qd7+ Kb6 92. Qd6+ Ka5 93. Kd5 1-0

[Event "II Weekend Wasken Boys"]
[Site "Lodi ITA"]
[Date "2014.06.07"]
[Round "2"]
[White "Esposito, Giuseppe"]
[Black "Poletti, Guido"]
[WhiteElo "1718"]
[BlackElo "1540"]
[Result "1-0"]
[PlyCount "91"]
[EventDate "2014.06.06"]

1. e4 Nf6 2. e5 Nd5 3. d4 d6 4. c4 Nb6 5. f4 dxe5 6. fxe5 c6 7. Nf3 Be6 8. b3
h6 9. Be2 Na6 10. O-O Nc7 11. Nbd2 Qd7 12. Ne4 Na6 13. a4 Bf5 14. Ng3 e6 15. a5
Nc8 16. Nxf5 exf5 17. Nh4 g6 18. c5 Ne7 19. Bc4 Bg7 20. Bb2 Nd5 21. Re1 Qe6 22.
g3 O-O 23. Ng2 Nac7 24. Qf3 b5 25. axb6 axb6 26. cxb6 Nb5 27. Nf4 Qd7 28. Nxd5
Rxa1 29. Rxa1 cxd5 30. Bxd5 Rb8 31. b7 Nc7 32. Ra8 Qd8 33. Rxb8 Qxb8 34. Ba3
Qa7 35. Bc5 Qb8 36. Bd6 Bf8 37. b4 Bxd6 38. exd6 Nb5 39. Bxf7+ Kg7 40. Be6 Nxd6
41. Qd5 Nxb7 42. Qd7+ Kf6 43. Qf7+ Kg5 44. Qe7+ Kg4 45. Kg2 Qd6 46. h3+ 1-0

[Event "II Weekend Wasken Boys"]
[Site "Lodi ITA"]
[Date "2014.06.07"]
[Round "2"]
[White "Folcini, Gaddo"]
[Black "Marzatico, Luca"]
[WhiteElo "1615"]
[BlackElo "1710"]
[Result "0-1"]
[PlyCount "80"]
[EventDate "2014.06.06"]

1. e4 e6 2. d4 d5 3. Nc3 Nf6 4. Bg5 Be7 5. Bxf6 Bxf6 6. e5 Be7 7. Qg4 O-O 8.
Nf3 c5 9. dxc5 Bxc5 10. Bd3 f5 11. exf6 Qxf6 12. Qh5 g6 13. Qh6 Bb4 14. O-O
Bxc3 15. bxc3 Qxc3 16. Rae1 Qg7 17. Qg5 Nc6 18. c4 Nb4 19. Bb1 dxc4 20. Ne5 Nd5
21. f4 b5 22. Qg4 Nc3 23. Bc2 a5 24. Qh3 Nd5 25. f5 exf5 26. Qh4 Re8 27. Ng4
Bd7 28. Nh6+ Kh8 29. Rd1 Ne3 30. Rxd7 Qxd7 31. Qf6+ Qg7 32. Nf7+ Kg8 33. Nh6+
Qxh6 34. Bxf5 Nxf5 35. Rxf5 Rf8 36. Qe6+ Kh8 37. Re5 Rad8 38. Qe7 Rd1+ 39. Re1
Rxe1+ 40. Qxe1 Qf4 0-1

[Event "II Weekend Wasken Boys"]
[Site "Lodi ITA"]
[Date "2014.06.07"]
[Round "2"]
[White "Galli, Fabrizio"]
[Black "Grudina, Marco"]
[WhiteElo "1452"]
[BlackElo "1756"]
[Result "0-1"]
[PlyCount "88"]
[EventDate "2014.06.06"]

1. d4 d5 2. c4 c6 3. Nc3 Nf6 4. Bg5 Nbd7 5. e3 e6 6. Bd3 Qa5 7. c5 b6 8. cxb6
axb6 9. Nge2 Bd6 10. O-O O-O 11. a3 c5 12. Nb5 Bb8 13. b4 Qa4 14. Qxa4 Rxa4 15.
Nec3 Ra8 16. bxc5 bxc5 17. dxc5 Nxc5 18. Be2 Nce4 19. Nxe4 Nxe4 20. Be7 Re8 21.
Bb4 Ba6 22. Rfc1 Be5 23. Ra2 Reb8 24. Nc7 Bxc7 25. Bxa6 Bxh2+ 26. Kxh2 Rxa6 27.
Rac2 h6 28. f3 Nd6 29. g4 Nc4 30. Rc3 Rba8 31. Ra1 Rb6 32. Bc5 Rb5 33. Be7 Ra7
34. a4 Rb2+ 35. Kg3 Rxe7 36. Rac1 Ra7 37. e4 Rxa4 38. exd5 exd5 39. Rd3 Ra5 40.
Rdc3 g5 41. Re1 Raa2 42. Rg1 Kg7 43. Rd3 Nd2 44. Rxd5 Nf1+ 0-1

[Event "II Weekend Wasken Boys"]
[Site "Lodi ITA"]
[Date "2014.06.07"]
[Round "2"]
[White "Golino, Pasquale"]
[Black "Frignani, Alessandro"]
[WhiteElo "1320"]
[BlackElo "1454"]
[Result "0-1"]
[PlyCount "92"]
[EventDate "2014.06.06"]

1. d4 d5 2. Bf4 Bf5 3. Nf3 Nd7 4. e3 c6 5. Nh4 Bg6 6. Nxg6 hxg6 7. Bd3 Qb6 8.
b3 Ngf6 9. h3 e6 10. c3 Be7 11. f3 Nh7 12. Kf2 c5 13. Nd2 cxd4 14. cxd4 g5 15.
Bg3 Bf6 16. h4 g6 17. h5 gxh5 18. Rxh5 Nhf8 19. Rxh8 Bxh8 20. Qe2 e5 21. dxe5
Nxe5 22. Bxe5 Bxe5 23. Rh1 Bf4 24. g3 Be5 25. Rh5 f6 26. Rh6 Kf7 27. f4 gxf4
28. gxf4 Bxf4 29. Qh5+ Ke7 30. Rh7+ Nxh7 31. Qxh7+ Kd6 32. Qh3 Re8 33. Nf1 Qc5
34. Qf3 Bg5 35. Qg3+ Re5 36. Qh3 d4 37. e4 Qc1 38. Bb5 Qb2+ 39. Kg1 Rxb5 40.
Qd3 a6 41. Ng3 Be3+ 42. Kh1 Rc5 43. Nf5+ Ke5 44. Ng3 Rc1+ 45. Nf1 Qf2 46. a4
Qg1# 0-1

[Event "II Weekend Wasken Boys"]
[Site "Lodi ITA"]
[Date "2014.06.07"]
[Round "2"]
[White "Gorini, Michele"]
[Black "Gorini, Alessandro"]
[WhiteElo "1527"]
[BlackElo "1629"]
[Result "1/2-1/2"]
[PlyCount "37"]
[EventDate "2014.06.06"]

1. Nf3 d5 2. b3 c5 3. g3 Nf6 4. Bg2 Nc6 5. Bb2 Bf5 6. d3 h6 7. Nbd2 e6 8. O-O
Be7 9. Rb1 O-O 10. Bxf6 Bxf6 11. c4 d4 12. a3 a5 13. Ne1 Qd6 14. Nc2 Rab8 15.
Ne4 Bxe4 16. Bxe4 Be7 17. Qd2 f5 18. Bxc6 bxc6 19. Qxa5 1/2-1/2

[Event "II Weekend Wasken Boys"]
[Site "Lodi ITA"]
[Date "2014.06.07"]
[Round "2"]
[White "Raimondi, Celso"]
[Black "Papaleo, Davide"]
[WhiteElo "1655"]
[BlackElo "1410"]
[Result "0-1"]
[PlyCount "82"]
[EventDate "2014.06.06"]

1. d4 Nf6 2. c4 e6 3. Nc3 Bb4 4. Qc2 c5 5. e3 Bxc3+ 6. Qxc3 Qc7 7. Nf3 Ne4 8.
Qc2 f5 9. Bd3 Nf6 10. O-O b6 11. b3 Bb7 12. Be2 Ng4 13. g3 O-O 14. h3 Nf6 15.
dxc5 Qxc5 16. Bb2 b5 17. Bd4 Qc7 18. Rac1 Na6 19. cxb5 Qxc2 20. Rxc2 Nb4 21.
Rb2 Rfc8 22. Be5 Rc5 23. Bd6 Rc2 24. Rxc2 Nxc2 25. Rc1 Rc8 26. Nd2 Ne4 27. Nxe4
Bxe4 28. f3 Bb7 29. Kf2 Rc3 30. Bb4 Rc8 31. Bd3 Nxb4 32. Rxc8+ Bxc8 33. Bc4
Nxa2 34. e4 fxe4 35. fxe4 d6 36. Ke3 Kf8 37. Kd2 d5 38. exd5 exd5 39. Bxd5 Bxh3
40. Bc4 Ke7 41. Kc2 Be6 0-1

[Event "II Weekend Wasken Boys"]
[Site "Lodi ITA"]
[Date "2014.06.07"]
[Round "2"]
[White "Raimondi, Sergio"]
[Black "Madaschi, Sergio"]
[WhiteElo "1383"]
[BlackElo "1503"]
[Result "0-1"]
[PlyCount "60"]
[EventDate "2014.06.06"]

1. f4 d5 2. e3 Nf6 3. b3 g6 4. Bb2 Bg7 5. Bd3 e6 6. Nf3 O-O 7. O-O c5 8. Nc3
Nc6 9. Ne2 Nb4 10. Bb5 a6 11. Bd3 Qc7 12. Ng3 Nxd3 13. cxd3 Bd7 14. a4 b5 15.
Ne5 Be8 16. Rc1 bxa4 17. bxa4 Qb6 18. Bc3 Rc8 19. a5 Qd6 20. Nf3 Bb5 21. Ne5 d4
22. Bb2 dxe3 23. dxe3 Rfd8 24. Rc3 Nd5 25. Rb3 Nxe3 26. Qf3 Nxf1 27. Qxf1 Qd5
28. Qd1 Ba4 29. Qf3 Qxb3 30. Qb7 Qxb7 0-1

[Event "II Weekend Wasken Boys"]
[Site "Lodi ITA"]
[Date "2014.06.07"]
[Round "2"]
[White "Scotti, Luigi"]
[Black "Maraschi, Alberto"]
[WhiteElo "1468"]
[BlackElo "1326"]
[Result "0-1"]
[PlyCount "74"]
[EventDate "2014.06.06"]

1. d4 c6 2. c4 d5 3. cxd5 cxd5 4. Nf3 Nc6 5. e3 Bd7 6. a3 Qc7 7. Bd3 e5 8. dxe5
Nxe5 9. Nxe5 Qxe5 10. O-O Bd6 11. f4 Qe7 12. Nc3 Nf6 13. Nb5 O-O 14. Nxd6 Qxd6
15. Bd2 Qb6 16. b4 a6 17. Rc1 Rfe8 18. Re1 Ng4 19. Qf3 Nf6 20. h3 Bc6 21. Kh1
Ne4 22. Bc3 Nxc3 23. Rxc3 d4 24. Bxh7+ Kxh7 25. Qh5+ Kg8 26. Rd3 dxe3 27. Rd6
Bxg2+ 28. Kxg2 Qxd6 29. Qf3 Qc6 30. Qxc6 bxc6 31. Kf3 Rad8 32. Rxe3 Rxe3+ 33.
Kxe3 Rd5 34. Ke4 f5+ 35. Ke3 Kh7 36. h4 Kh6 37. Kf3 Kh5 0-1

[Event "II Weekend Wasken Boys"]
[Site "Lodi ITA"]
[Date "2014.06.07"]
[Round "2"]
[White "Swannie, Bryan"]
[Black "Finelli, Carmine"]
[WhiteElo "1704"]
[BlackElo "1440"]
[Result "1-0"]
[PlyCount "115"]
[EventDate "2014.06.06"]

1. d4 d5 2. c4 e6 3. Nf3 Nf6 4. g3 Qd6 5. Nc3 Be7 6. c5 Qd8 7. Bf4 Nh5 8. Bd2
Nc6 9. Bg2 O-O 10. e3 Nf6 11. O-O b6 12. cxb6 axb6 13. a3 Na5 14. Ne5 Bd6 15.
b4 Nb7 16. f4 c5 17. bxc5 bxc5 18. dxc5 Nxc5 19. Nc6 Qc7 20. Nb4 Ba6 21. Nxa6
Rxa6 22. Nb5 Qd7 23. Nxd6 Rxd6 24. Bb4 Rc6 25. Rc1 Rfc8 26. Rf2 Qa7 27. Rfc2
R6c7 28. Qd4 Nfd7 29. a4 h6 30. Bf1 f6 31. Bb5 Qb7 32. Bxc5 e5 33. Qb4 Kh7 34.
Bd3+ e4 35. Qxb7 exd3 36. Qxc8 Rxc8 37. Rc3 d2 38. Rd1 Ra8 39. Rxd2 Rxa4 40.
Rxd5 Nb8 41. Rd2 Na6 42. Bd6 Ra1+ 43. Kg2 Rb1 44. Ra2 Nb8 45. Bxb8 Rxb8 46. Kf3
h5 47. Rc5 Kh6 48. Raa5 g6 49. Rc6 Rf8 50. Raa6 Kg7 51. e4 Rf7 52. g4 h4 53.
Ke3 Rf8 54. e5 fxe5 55. Rxg6+ Kh7 56. Rh6+ Kg7 57. Rag6+ Kf7 58. Rf6+ 1-0

[Event "II Weekend Wasken Boys"]
[Site "Lodi ITA"]
[Date "2014.06.07"]
[Round "3"]
[White "Frignani, Alessandro"]
[Black "Folcini, Gaddo"]
[WhiteElo "1454"]
[BlackElo "1615"]
[Result "0-1"]
[PlyCount "62"]
[EventDate "2014.06.06"]

1. e4 e5 2. Bc4 d5 3. exd5 Nf6 4. Qf3 Bg4 5. Qb3 Bc5 6. Qxb7 Nbd7 7. f3 Bf5 8.
d3 O-O 9. Bg5 Rb8 10. Bxf6 Qxf6 11. Qc6 Qh4+ 12. g3 Qd4 13. Nc3 Qf2+ 14. Kd1
Qf1+ 15. Kd2 Qxa1 16. Nce2 Qxb2 17. Bb3 Bb4+ 18. Nc3 Rb6 19. Qc4 Bxc3+ 20. Qxc3
Qa3 21. Ne2 Nc5 22. Qxe5 Nxb3+ 23. axb3 Bg6 24. Ra1 Qb4+ 25. Qc3 Qe7 26. Nf4
Re8 27. d4 Ra6 28. Rd1 Ra2 29. Nxg6 Qe2+ 30. Kc1 hxg6 31. Rd2 Qe1+ 0-1

[Event "II Weekend Wasken Boys"]
[Site "Lodi ITA"]
[Date "2014.06.07"]
[Round "3"]
[White "Gorini, Alessandro"]
[Black "Ciochetta, Giovanni"]
[WhiteElo "1629"]
[BlackElo "1573"]
[Result "1-0"]
[PlyCount "97"]
[EventDate "2014.06.06"]

1. d4 Nf6 2. c4 g6 3. Nf3 Bg7 4. Nc3 d5 5. h3 dxc4 6. Qa4+ Bd7 7. Qxc4 O-O 8.
Bf4 c6 9. e3 Be6 10. Qb4 b5 11. Nd1 a5 12. Qc5 Ne4 13. Qc2 Bd5 14. Bd3 f5 15.
O-O Na6 16. a3 b4 17. Bxa6 Rxa6 18. axb4 Qb6 19. bxa5 Rxa5 20. Rxa5 Qxa5 21.
Nc3 Nxc3 22. bxc3 Be4 23. Qd2 Ra8 24. Ng5 Bd5 25. Rc1 h6 26. Nf3 Bxf3 27. gxf3
Qd5 28. Kg2 g5 29. c4 Qe6 30. Be5 Bxe5 31. dxe5 Kf7 32. Qd4 Rg8 33. Kh2 h5 34.
Rg1 g4 35. Qf4 gxf3 36. Rxg8 Kxg8 37. Kg3 Kf7 38. Kxf3 Qd7 39. Kg3 Qe6 40. e4
Qg6+ 41. Kh4 Ke6 42. exf5+ Qxf5 43. Qxf5+ Kxf5 44. Kxh5 e6 45. c5 Kxe5 46. Kg5
Kd5 47. h4 Kxc5 48. h5 Kd4 49. h6 1-0

[Event "II Weekend Wasken Boys"]
[Site "Lodi ITA"]
[Date "2014.06.07"]
[Round "3"]
[White "Grudina, Marco"]
[Black "Carrai, Giacomo"]
[WhiteElo "1756"]
[BlackElo "1760"]
[Result "1-0"]
[PlyCount "79"]
[EventDate "2014.06.06"]

1. e4 c5 2. Nf3 e6 3. d4 cxd4 4. Nxd4 Nf6 5. Nc3 d6 6. Be3 a6 7. Be2 Nbd7 8.
Qd2 b5 9. a3 Bb7 10. f3 Rc8 11. g4 Nb6 12. h4 Nfd7 13. g5 Ne5 14. O-O-O Nbc4
15. Bxc4 Nxc4 16. Qe1 Qc7 17. Rd3 Nxe3 18. Qxe3 Qc5 19. h5 Be7 20. Rg1 g6 21.
f4 O-O 22. hxg6 e5 23. gxh7+ Kh8 24. fxe5 dxe5 25. Nf5 Qxe3+ 26. Nxe3 Bc5 27.
Rg3 Kxh7 28. Ng4 Bd4 29. Nf6+ Kg6 30. Ncd5 Bxd5 31. Nxd5 Kg7 32. Ne7 Rcd8 33.
Nc6 Rd6 34. Ne7 Rdd8 35. Nf5+ Kg6 36. Rh3 Rh8 37. Nh6 Rc8 38. Rdf3 Rhf8 39. Nf5
Rh8 40. Ne7+ 1-0

[Event "II Weekend Wasken Boys"]
[Site "Lodi ITA"]
[Date "2014.06.07"]
[Round "3"]
[White "Impenna, Massimo"]
[Black "Scotti, Luigi"]
[WhiteElo "1426"]
[BlackElo "1468"]
[Result "0-1"]
[PlyCount "70"]
[EventDate "2014.06.06"]

1. d3 d5 2. Nd2 e5 3. g3 Nf6 4. Bg2 Bd6 5. a3 c6 6. e4 Bg4 7. Ne2 O-O 8. O-O
Nbd7 9. Qe1 Qc7 10. b4 b5 11. Bb2 Rfe8 12. Nc1 a5 13. bxa5 Rxa5 14. Ncb3 Ra4
15. Nb1 d4 16. N3d2 Qa7 17. f4 Bh5 18. c4 dxc3+ 19. Kh1 cxb2 20. Ra2 Qd4 21.
Qe2 Nc5 22. Rd1 Nxd3 23. Rf1 Nc1 24. Nb3 Nxb3 25. Rd1 Qc5 26. Rxb2 Nc1 27. Qd2
Rc4 28. Qxd6 Nxe4 29. Qxc5 Nxc5 30. Rbd2 N1b3 31. Rd8 Kf8 32. g4 Bg6 33. R1d6
Rxd8 34. Rxd8+ Ke7 35. Rb8 Bxb1 0-1

[Event "II Weekend Wasken Boys"]
[Site "Lodi ITA"]
[Date "2014.06.07"]
[Round "3"]
[White "Maraschi, Alberto"]
[Black "Raimondi, Celso"]
[WhiteElo "1326"]
[BlackElo "1655"]
[Result "0-1"]
[PlyCount "50"]
[EventDate "2014.06.06"]

1. e4 c5 2. Nf3 d6 3. d4 cxd4 4. Nxd4 Nf6 5. Nc3 a6 6. Bc4 e6 7. Bg5 Be7 8. Qf3
Qc7 9. Bb3 Nbd7 10. O-O-O b5 11. Nce2 Bb7 12. Qg3 Nxe4 13. Qf4 Bxg5 14. Rdg1
Bxf4+ 15. Nxf4 Ndc5 16. f3 Nxb3+ 17. Nxb3 Nc5 18. Nd2 e5 19. Re1 O-O 20. Ne2
Nd3+ 21. Kb1 Nxe1 22. Rxe1 Rac8 23. c3 Bd5 24. Rc1 Qb6 25. Rf1 Qe3 0-1